| 000 | 00971cam a22002411 4500 | ||
|---|---|---|---|
| 001 | 3063 | ||
| 003 | FISKH | ||
| 005 | 20240201155106.0 | ||
| 008 | 740515s1953 nyu 000 1 eng | ||
| 010 | _a 53007741 | ||
| 035 | _a(OCoLC)887370 | ||
| 040 |
_aDLC _cCtFaU _dOCoLC _dDLC _beng |
||
| 050 | 0 | 0 |
_aPZ3.O1344 _bFl |
| 082 | _a823.91 | ||
| 100 | 1 |
_aO'Brien, Kate, _d1897-1974. |
|
| 245 | 1 | 4 |
_aThe flower of May / _cKate O'Brien |
| 260 |
_aLondon : _bReading Book Club, _c1955 |
||
| 300 |
_a335 pages : _c20 cm |
||
| 520 | _aThe Flower of May is bestselling Irish author Kate O’Brien’s portrait of a young Irishwoman on the verge of independence set at the turn of the century. Liberated by the death of her mother, Fanny Morrow immerses herself in the politics and culture of Europe, renouncing her strict, Catholic upbringing. | ||
| 650 |
_aHistorical Fiction _vFiction _xIreland |
||
| 906 |
_a7 _bcbc _coclcrpl _du _encip _f19 _gy-gencatlg |
||
| 942 |
_2ddc _cBK _n0 |
||
| 999 |
_c3063 _d3063 |
||